<?xml version="1.0" encoding="UTF-8"?>
<marc:record xmlns:marc="http://www.loc.gov/MARC21/slim">
   <marc:leader>00000nam a2200000 a 4500</marc:leader>
   <marc:datafield ind1="1" ind2=" " tag="100">
      <marc:subfield code="a">K., Parry</marc:subfield>
      <marc:subfield code="4">aut</marc:subfield>
      <marc:subfield code="e">Verfasser/-in</marc:subfield>
   </marc:datafield>
   <marc:datafield ind1=" " ind2=" " tag="653">
      <marc:subfield code="a">Softcover / Belletristik/Romanhafte Biografien</marc:subfield>
   </marc:datafield>
   <marc:datafield ind1=" " ind2=" " tag="653">
      <marc:subfield code="a">Romanhafte Biographien</marc:subfield>
   </marc:datafield>
   <marc:datafield ind1="0" ind2="0" tag="245">
      <marc:subfield code="a">Verbrannte Seele</marc:subfield>
   </marc:datafield>
   <marc:datafield ind1="0" ind2="0" tag="245">
      <marc:subfield code="b">eine wahre Geschichte</marc:subfield>
   </marc:datafield>
   <marc:datafield ind1="0" ind2="0" tag="245">
      <marc:subfield code="c">Parry K.</marc:subfield>
   </marc:datafield>
   <marc:datafield ind1=" " ind2="1" tag="264">
      <marc:subfield code="a">Wismar</marc:subfield>
      <marc:subfield code="b">Marsh &amp; Marsh</marc:subfield>
      <marc:subfield code="c">2014</marc:subfield>
   </marc:datafield>
   <marc:datafield ind1=" " ind2=" " tag="250">
      <marc:subfield code="a">1. Aufl.</marc:subfield>
   </marc:datafield>
   <marc:datafield ind1="1" ind2=" " tag="520">
      <marc:subfield code="a">Angaben aus der Verlagsmeldung

Verbrannte Seele : Eine wahre Geschichte / von Parry K.

Meine Geschichte wird vermutlich berühren, ja sogar Betroffenheit auslösen … eventuell auch Unglauben darüber, dass etwas derart Unfassbares tatsächlich passiert ist und dass diejenige, der das passiert ist (ich!), überleben konnte. Ja, ich habe überlebt. Nicht nur körperlich, sondern auch seelisch und emotional.
Ich schreibe diese Geschichte auf als vielleicht letzten … in jedem Fall als einen weiteren … Schritt auf dem Wege der Verarbeitung meiner Lebensgeschichte, bei der ich mich therapeutisch begleiten lasse. Ich hoffe dadurch, das Geschehene mehr als bisher von außen betrachten zu können und innerlich zunehmend zur Ruhe zu kommen. Ich schreibe auch, um denen in meiner Familie, die noch leben, „hinschauen“ zu helfen. Ja, und ich möchte mit diesem Buch Menschen Mut machen, die Ähnliches wie ich erlebt haben.
Ich habe Angst, ich habe Angst, schreckliche Angst. Angst. Ich halte das nicht mehr aus, ich will mich aus dem Fenster stürzen oder vor ein Auto werfen. Ich will nicht mehr leben, ich will sterben, lieber Gott, ich kann nicht mehr …
</marc:subfield>
   </marc:datafield>
   <marc:datafield ind1=" " ind2=" " tag="020">
      <marc:subfield code="a">9783945295304</marc:subfield>
      <marc:subfield code="9">9783945295304</marc:subfield>
   </marc:datafield>
   <marc:datafield ind1=" " ind2=" " tag="041">
      <marc:subfield code="a">ger</marc:subfield>
   </marc:datafield>
   <marc:datafield ind1=" " ind2=" " tag="300">
      <marc:subfield code="a">223 S.</marc:subfield>
   </marc:datafield>
</marc:record>
